effect of different rate of organic fertilizer on water spinach in crop station at royal university of agriculture (ឥទ្ធិពលនៃកំរិតជីធម្មជាតិផ្សេងៗគ្នា ទៅលើដំណាំត្រគួននៅស្ថានីយ៍ពិសោធន៍ដំណាំ នៃសាកលវិទ្យាល័យភូមិន្ទកសិកម្ម) (Record no. 940)

000 -LEADER
fixed length control field 00772nam a22001337a 4500
040 ## - CATALOGING SOURCE
Transcribing agency RUA
082 ## - DEWEY DECIMAL CLASSIFICATION NUMBER
Classification number AGR KOE 2009 B042 Or.1
100 ## - MAIN ENTRY--AUTHOR NAME
Personal name KOE, CHANDARA.
245 ## - TITLE STATEMENT
Title effect of different rate of organic fertilizer on water spinach in crop station at royal university of agriculture (ឥទ្ធិពលនៃកំរិតជីធម្មជាតិផ្សេងៗគ្នា ទៅលើដំណាំត្រគួននៅស្ថានីយ៍ពិសោធន៍ដំណាំ នៃសាកលវិទ្យាល័យភូមិន្ទកសិកម្ម)
260 ## - PUBLICATION, DISTRIBUTION, ETC. (IMPRINT)
Place of publication Phnom Penh
Name of publisher RUA
Year of publication 2009
300 ## - PHYSICAL DESCRIPTION
Number of Pages xi, 38p.
Other physical details ill.
Dimensions 29cm.
856 ## - ELECTRONIC LOCATION AND ACCESS
Uniform Resource Identifier https://drive.google.com/file/d/18oZQH9E3eZvaJUvavAAJ1bkW0hl_uras/view?usp=sharing
942 ## - ADDED ENTRY ELEMENTS (KOHA)
Koha item type AGR
952 ## - LOCATION AND ITEM INFORMATION (KOHA)
Withdrawn status [LOCAL, KOHA] 0
952 ## - LOCATION AND ITEM INFORMATION (KOHA)
Withdrawn status [LOCAL, KOHA] 0
952 ## - LOCATION AND ITEM INFORMATION (KOHA)
Withdrawn status [LOCAL, KOHA] 0
952 ## - LOCATION AND ITEM INFORMATION (KOHA)
Withdrawn status [LOCAL, KOHA] 0
952 ## - LOCATION AND ITEM INFORMATION (KOHA)
Withdrawn status [LOCAL, KOHA] 0
952 ## - LOCATION AND ITEM INFORMATION (KOHA)
Withdrawn status [LOCAL, KOHA] 0
Holdings
Permanent Location Date acquired Koha item type Lost status Shelving location Barcode Current Location Full call number
Library Block B2015-09-21AGR B042RUA000235Library Block BAGR KOE 2009 B042 Or.1
Library Block B2015-09-21AGR B042RUA000247Library Block BAGR KOE 2009 B042 Or.2
Library Block B2015-09-21AGR B042RUA000319Library Block BAGR KOE 2009 B042 Or.3
Library Block B2015-09-21AGR B042RUA000325Library Block BAGR KOE 2009 B042 Or.4
Library Block B2015-09-21AGR B042RUA000397Library Block BAGR KOE 2009 B042 Or.5
Library Block B2015-09-21AGR B042RUA000469Library Block BAGR KOE 2009 B042 Or.6
មជ្ឈមណ្ឌលឯការនៃសាកលវិទ្យាល័យភូមិន្ទកសិកម្មចំការដូង

Powered by Koha